|
|
|
|
| LEADER |
00000nas a2200000 a 4500 |
| 001 |
ssj0009524 |
| 003 |
WaSeSS |
| 005 |
20200512172242.0 |
| 006 |
m d |
| 007 |
cr n |
| 008 |
011205c19329999njuqr pss 0 a0eng c |
| 010 |
|
|
|a 2001227375
|
| 016 |
7 |
|
|a 2064066-3
|2 DE-600
|
| 016 |
7 |
|
|a 2064066 3
|2 DE-600
|
| 022 |
|
|
|a 1553-5622
|l 0018-098X
|y 0018-098X
|
| 035 |
|
|
|a (WaSeSS)ssj0009524
|
| 040 |
|
|
|a EYM
|b eng
|e pn
|c EYM
|d OCLCQ
|d NSD
|d OCL
|d DLC
|d OCL
|d NSD
|d MUQ
|d OCLCQ
|d DLC
|d OCLCQ
|d OCLCF
|d CUS
|d OCLCQ
|d UMC
|d OCLCQ
|d OCLCE
|d MUX
|d OCLCQ
|d DEBBG
|d VT2
|d ZAC
|d GILDS
|d OCLCO
|d U3W
|d BRL
|d VNS
|d MST
|d WYU
|d NJT
|d CEF
|d OCLCO
|d UHL
|d LIP
|d OCLCQ
|d WaSeSS
|
| 042 |
|
|
|a pcc
|a nsdp
|a dlr
|
| 043 |
|
|
|a e-gr---
|
| 050 |
1 |
4 |
|a DF10
|
| 082 |
0 |
4 |
|a 949.5
|
| 130 |
0 |
|
|a Hesperia (Online)
|
| 222 |
|
0 |
|a Hesperia
|b (Online)
|
| 245 |
1 |
0 |
|a Hesperia
|h [electronic resource].
|
| 260 |
|
|
|a Cambridge, Mass. :
|b Harvard University Press,
|c 1932-
|
| 310 |
|
|
|a Quarterly,
|b 1933-
|
| 321 |
|
|
|a Annual,
|b 1932
|
| 362 |
0 |
|
|a Vol. 1 (1932)-
|
| 500 |
|
|
|a Title from title screen (viewed Dec. 5, 2001).
|
| 500 |
|
|
|a Imprint: Athens, Greece ; Princeton, N.J. : American School of Classical Studies at Athens, vol. 3, no. 2-
|
| 500 |
|
|
|a Some issues also have a theme title.
|
| 506 |
|
|
|a License restrictions may limit access.
|
| 538 |
|
|
|a Master and use copy. Digital master created according to Benchmark for Faithful Digital Reproductions of Monographs and Serials, Version 1. Digital Library Federation, December 2002.
|u http://purl.oclc.org/DLF/benchrepro0212
|5 MiAaHDL
|
| 550 |
|
|
|a Official journal of: American School of Classical Studies at Athens.
|
| 583 |
1 |
|
|a digitized
|c 2010
|h HathiTrust Digital Library
|l committed to preserve
|2 pda
|5 MiAaHDL
|
| 588 |
|
|
|a Latest issue consulted: Vol. 79, no. 4 (Oct./Dec. 2010) (JSTOR, viewed Mar. 23, 2016).
|
| 648 |
|
7 |
|a To 146 B.C.
|2 fast
|
| 650 |
|
0 |
|a Excavations (Archaeology)
|z Greece
|v Periodicals.
|
| 650 |
|
6 |
|a Fouilles (Archéologie)
|
| 650 |
|
7 |
|a Antiquities.
|2 fast
|0 (OCoLC)fst00810745
|
| 650 |
|
7 |
|a Civilization.
|2 fast
|0 (OCoLC)fst00862898
|
| 650 |
|
7 |
|a Excavations (Archaeology)
|2 fast
|0 (OCoLC)fst00917564
|
| 650 |
1 |
7 |
|a Cultuurgeschiedenis.
|2 gtt
|
| 650 |
1 |
7 |
|a Archeologie.
|2 gtt
|
| 650 |
1 |
7 |
|a Opgravingen.
|2 gtt
|
| 650 |
1 |
7 |
|a Kunst.
|2 gtt
|
| 650 |
1 |
7 |
|a Inscripties.
|2 gtt
|
| 650 |
1 |
7 |
|a Oudheid.
|2 gtt
|
| 651 |
|
0 |
|a Greece
|x Antiquities
|v Periodicals.
|
| 651 |
|
0 |
|a Greece
|x Civilization
|y To 146 B.C.
|v Periodicals.
|
| 651 |
|
6 |
|a Grèce
|x Antiquités.
|
| 651 |
|
6 |
|a Grèce
|x Civilisation
|y Jusqu'à 146 av. J.-C.
|
| 651 |
|
7 |
|a Greece.
|2 fast
|0 (OCoLC)fst01208380
|
| 655 |
|
0 |
|a Electronic journals.
|
| 710 |
2 |
|
|a American School of Classical Studies at Athens.
|
| 770 |
0 |
|
|t Hesperia. Princeton, N.J. Supplement (Online)
|x 2326-5132
|w (DLC) 2005236622
|w (OCoLC)58839037
|
| 776 |
0 |
8 |
|i Print version:
|t Hesperia
|x 0018-098X
|w (DLC) 32017696
|w (OCoLC)1752035
|
| 856 |
4 |
0 |
|z Full text available from Research Library: 01/01/2004 to 07/31/2009
|u https://search.proquest.com/publication/30777
|